[Event "Salou Salauris op 1st"]
[Site "Salou"]
[Date "2021.06.26"]
[Round "4"]
[White "Domene Mulyukova, Catarina"]
[Black "Mares, Mario Gabriel"]
[Result "0-1"]
[WhiteElo "1099"]
[BlackElo "1442"]
[PlyCount "92"]
[EventDate "2021.06.25"]
[EventType "swiss"]
[EventRounds "7"]
[EventCountry "ESP"]
[SourceTitle "CBM 203 Extra"]
[Source "ChessBase"]
[SourceDate "2021.09.30"]
[SourceVersion "1"]
[SourceVersionDate "2021.09.30"]
[SourceQuality "1"]

1. e4 c5 2. Nc3 e6 3. g3 d5 4. exd5 exd5 5. d4 Nf6 6. Bg2 Be6 7. Nf3 Nc6 8. 0-0 cxd4 9. Nxd4 Bc5 10. Nb3 Bb6 11. Re1 0-0 12. h3 h6 13. Bf4 Qd7 14. Qd2 Kh7 15. Red1 d4 16. Bxc6 Qxc6 17. Nxd4 Bxd4 18. Qxd4 Bxh3 19. Qd3+ g6 20. f3 Nh5 21. Kh2 Nxf4 22. gxf4 Bf5 23. Ne4 Rfe8 24. Re1 Rad8 25. Qe2 Bxe4 26. fxe4 Rd4 27. c3 Qxe4 28. cxd4 Qxe2+ 29. Rxe2 Rxe2+ 30. Kg3 Rd2 31. Kf3 Rxd4 32. Rc1 Rd7 33. Rc4 f5 34. Rc5 Kg7 35. Ke3 Kf6 36. Kf3 g5 37. Rc2 Rd4 38. fxg5+ hxg5 39. Ke3 Rb4 40. Rd2 Ke5 41. Rc2 b6 42. Kf3 Rh4 43. Re2+ Re4 44. Rxe4+ fxe4+ 45. Ke3 g4 46. b3 Kd5 0-1